|
|
|
|
| LEADER |
01879nam a2200469 i 4500 |
| 001 |
EBC1980702 |
| 003 |
MiAaPQ |
| 005 |
20200520144314.0 |
| 006 |
m o d | |
| 007 |
cr cnu|||||||| |
| 008 |
150317t20152015enka ob 001 0 eng d |
| 020 |
|
|
|z 9781783601431
|
| 020 |
|
|
|z 9781783601424
|
| 020 |
|
|
|a 9781783601448
|q (electronic bk.)
|
| 020 |
|
|
|a 9781783601455
|q (electronic bk.)
|
| 020 |
|
|
|a 9781783601462
|q (electronic bk.)
|
| 035 |
|
|
|a (MiAaPQ)EBC1980702
|
| 035 |
|
|
|a (Au-PeEL)EBL1980702
|
| 035 |
|
|
|a (CaPaEBR)ebr11029042
|
| 035 |
|
|
|a (CaONFJC)MIL746107
|
| 035 |
|
|
|a (OCoLC)904437693
|
| 040 |
|
|
|a MiAaPQ
|b eng
|e rda
|e pn
|c MiAaPQ
|d MiAaPQ
|
| 050 |
|
4 |
|a HB251
|b .D5 2015
|
| 082 |
0 |
|
|a 339.2
|2 23
|
| 100 |
1 |
|
|a Di Muzio, Tim,
|e author.
|
| 245 |
1 |
4 |
|a The 1% and the rest of us :
|b a political economy of dominant ownership /
|c Tim Di Muzio.
|
| 246 |
3 |
|
|a One percent and the rest of us
|
| 264 |
|
1 |
|a London :
|b Zed Books,
|c 2015.
|
| 264 |
|
4 |
|c 2015
|
| 300 |
|
|
|a 1 online resource (258 pages) :
|b illustrations
|
| 336 |
|
|
|a text
|2 rdacontent
|
| 337 |
|
|
|a computer
|2 rdamedia
|
| 338 |
|
|
|a online resource
|2 rdacarrier
|
| 504 |
|
|
|a Includes bibliographical references and index.
|
| 588 |
|
|
|a Description based on online resource; title from PDF title page (ebrary, viewed March 17, 2015).
|
| 590 |
|
|
|a Electronic reproduction. Ann Arbor, MI : ProQuest, 2015. Available via World Wide Web. Access may be limited to ProQuest affiliated libraries.
|
| 650 |
|
0 |
|a Wealth.
|
| 650 |
|
0 |
|a Distribution (Economic theory)
|
| 655 |
|
4 |
|a Electronic books.
|
| 776 |
0 |
8 |
|i Print version:
|a Di Muzio, Tim.
|t 1% and the rest of us : a political economy of dominant ownership.
|d London : Zed Books, c2015
|h 248 pages
|z 9781783601431
|
| 797 |
2 |
|
|a ProQuest (Firm)
|
| 856 |
4 |
0 |
|u https://ebookcentral.proquest.com/lib/matrademy/detail.action?docID=1980702
|z Click to View
|